000
00326nam a22001457a 4500
008
210308b ||||| |||| 00| 0 eng d
020
_a
9780073662046
041
_a
eng
080
_2
7th
_a
618
082
_a
618
100
_a
10
101
_a
GJIN
245
_a
Understanding Human Sexuality
_c
Hyde, J, Sh
942
_2
udc
_c
BK
999
_c
55986
_d
55986